000 00883nam a22001697a 4500
999 _c58830
_d58830
005 20221005172535.0
008 221005s2018 rus||||| |||| 00| 0 ru d
020 _a978520908867
041 _aru
080 _a341(075.8) М-43
245 _aМеждународное право :
_bУч-к для аспирантов /
_cРед. А.Х. Абашидзе.: Федеральное гос. автономн. образоват. учреждение высшего образования, Российский ун-т дружбы народов, Юридич. ин-т кафедра международного права.
264 _aМосква :
_bРУДН,
_c2018
300 _a647 стр.;
_b21 см.
653 _aსაერთაშორისო სამართალი
700 _aАбашидзе, А.Х.
_eრედაქტორი
_915073
942 _2udc
_cBK